Diffraction radiation from a charge as radiation from a superluminal source in a vacuum; Physics-Uspekhi; Vol. 63, iss. 3
| Parent link: | Physics-Uspekhi Vol. 63, iss. 3.— 2020.— [P. 303-309] |
|---|---|
| Korporativna značnica: | |
| Drugi avtorji: | , , , |
| Izvleček: | Title screen An analysis of spectral-angular characteristics of diffraction radiation, both incoherent and coherent, has been performed. It is shown that radiation processes can be interpreted as Cherenkov radiation, which is produced by a region of dynamic polarization moving along a target edge with superluminal velocity vSL. Such radiation is generated if the condition vSL > c is fulfilled, which is the conventional 'threshold' Cherenkov condition. Режим доступа: по договору с организацией-держателем ресурса |
| Jezik: | angleščina |
| Izdano: |
2020
|
| Teme: | |
| Online dostop: | https://doi.org/10.3367/UFNe.2019.10.038667 |
| Format: | MixedMaterials Elektronski Book Chapter |
| KOHA link: | https://koha.lib.tpu.ru/cgi-bin/koha/opac-detail.pl?biblionumber=662353 |
MARC
| LEADER | 00000naa0a2200000 4500 | ||
|---|---|---|---|
| 001 | 662353 | ||
| 005 | 20250120162952.0 | ||
| 035 | |a (RuTPU)RU\TPU\network\33490 | ||
| 035 | |a RU\TPU\network\28414 | ||
| 090 | |a 662353 | ||
| 100 | |a 20200717d2020 k||y0engy50 ba | ||
| 101 | 0 | |a eng | |
| 102 | |a GB | ||
| 135 | |a vrcn ---uucaa | ||
| 181 | 0 | |a i | |
| 182 | 0 | |a b | |
| 200 | 1 | |a Diffraction radiation from a charge as radiation from a superluminal source in a vacuum |f A. P. Potylitsyn, D. Yu. Sergeeva, M. N. Strikhanov, A. A. Tishchenko | |
| 203 | |a Text |c electronic | ||
| 300 | |a Title screen | ||
| 330 | |a An analysis of spectral-angular characteristics of diffraction radiation, both incoherent and coherent, has been performed. It is shown that radiation processes can be interpreted as Cherenkov radiation, which is produced by a region of dynamic polarization moving along a target edge with superluminal velocity vSL. Such radiation is generated if the condition vSL > c is fulfilled, which is the conventional 'threshold' Cherenkov condition. | ||
| 333 | |a Режим доступа: по договору с организацией-держателем ресурса | ||
| 461 | |t Physics-Uspekhi | ||
| 463 | |t Vol. 63, iss. 3 |v [P. 303-309] |d 2020 | ||
| 610 | 1 | |a электронный ресурс | |
| 610 | 1 | |a труды учёных ТПУ | |
| 610 | 1 | |a дифракционные излучения | |
| 610 | 1 | |a сверхсветовые скорости | |
| 610 | 1 | |a вакуум | |
| 701 | 1 | |a Potylitsyn |b A. P. |c Russian physicist |c Professor of the TPU |f 1945- |g Alexander Petrovich |3 (RuTPU)RU\TPU\pers\26306 |9 12068 | |
| 701 | 1 | |a Sergeeva |b D. Yu. |g Darjya Yurjevna | |
| 701 | 1 | |a Strikhanov |b M. N. |c Mikhail Nikolaevich | |
| 701 | 1 | |a Tishchenko |b A. A. |c Aleksey Aleksandrovich | |
| 712 | 0 | 2 | |a Национальный исследовательский Томский политехнический университет |b Исследовательская школа физики высокоэнергетических процессов |c (2017- ) |3 (RuTPU)RU\TPU\col\23551 |
| 801 | 1 | |a RU |b 63413507 |c 20150101 |g RCR | |
| 801 | 2 | |a RU |b 63413507 |c 20200717 |g RCR | |
| 856 | 4 | |u https://doi.org/10.3367/UFNe.2019.10.038667 | |
| 942 | |c CF | ||